MARC

LEADER 00000nam^a2200000^a^4500
001 000136138
005 20250521000000.0
009 20260310095308.363
037 |a Acervo ITESO - Biblioteca 
041 |a ESP 
082 |a 980. 005  |b ANU 1950 
240 1 1 |a [Anuario de estudios americanos] 
245 0 0 |a Anuario de estudios americanos / 
264 |a Sevilla, España :  |b Universidad de Sevilla, Escuela de Estudios Hispanoamericanos de Sevilla,  |c 1950 
300 |a 599 p. 
336 |a texto  |b txt  |2 rdacontenido 
337 |a sin mediación  |b n  |2 rdamedio 
338 |a volumen  |b nc  |2 rdasoporte 
440 1 |a (Anuarios de Estudios Americanos ;  |v 7) 
440 1 |a (Publicaciones de la Escuela de Estudios Hispano-Americanos de Sevilla ;  |v 64) 
649 |a XX 
650 |a Latinoamérica -  |x Historia -  |x Publicaciones Periódicas 
650 |a España -  |x Historia -  |x Publicaciones Periódicas 
650 |a Iglesia y Problemas Sociales -  |z Perú -  |x Historia 
650 |a Iglesia y Estado -  |z América -  |x Historia -  |y Epoca Colonial 
650 |a Esclavitud -  |z Islas Canarias, España -  |x Historia -  |y Periódo Arabe, 711-1492 
650 |a Arquitectura Virreinal 
650 |a Arquitectura Guatemalteca -  |x Historia y Crítica 
650 |a Arquitectura Boliviana -  |x Historia y Crítica 
650 |a Trabajo -  |z Lima, Perú -  |x Historia -  |y Siglo XVII 
650 |a Derecho Penal -  |z México -  |x Historia -  |y Virreinato, 1535-1821 
650 |a Dinero -  |z Castilla -  |x Historia -  |y Siglo XVI 
650 |a Dinero -  |z América -  |x Historia -  |y Siglo XVI 
650 |a Medicina -  |z España -  |x Historia -  |y Siglo XVI 
650 |a Botánica -  |z México -  |x Estudio y Enseñanza 
650 |a Botánica -  |z México -  |x Historia -  |y Virreinato, 1535-1821 
650 |a Perú -  |x Historia -  |y Epoca Colonial, 1542-1824 
650 |a Florida, EUA -  |x Historia -  |y Epoca Colonial, 1607-1783 
650 |a España -  |x Historia -  |y Fernando e Isabel, 1479-1516 
650 |a América -  |x Historia -  |y Descubrimiento y Exploración 
650 |a Piratas Ingleses 
650 |a Médicos Españoles 
650 |a Hernández, Francisco 
910 |a Fondo Salvador Reynoso Reynoso 
920 |a Impresos - Libros 
930 |a Fondos Especiales 
905 |a 112 
901 |a 0800013505  |b IT2  |c ESP  |u 20250521 
902 |a https://opac.biblio.iteso.mx/vufind/Record/000136138